Music Quiz

Random Music or Song Quiz

'80s Song Title Match-Up II Quiz Stats

 Plays Quiz Updated Apr 21, 2018

Challenge
Share
Tweet
Score 0/25 Timer 04:00
3 Plays Today
% Correct
Billie
99%
I Just Called to
97.5%
Pour Some
97.3%
Don't Worry
96.8%
Dancing in
96.4%
If I Could Turn
96.2%
We Didn't
95.8%
I Still Haven't Found
95.8%
Under
95.6%
Saving All My
95.4%
The Lady
94.9%
What Have
94.7%
Like a
94.5%
% Correct
I Think We're
94.3%
Every Little Thing
94.2%
Careless
93.3%
We Are
92.1%
Hard Habit
91.1%
French Kissin in the
91%
We Don't Need
91%
Islands
90.2%
When Smokey
88%
Talkin' bout
87%
Ain't Nothin' Goin' on
84.9%
Funky Cold
83%

You're not logged in!

Compare scores with friends on all Sporcle quizzes.
OR
Log In

You Might Also Like...

Show Comments

Extras

Top Quizzes Today


Score Distribution

Your Account Isn't Verified!

In order to create a playlist on Sporcle, you need to verify the email address you used during registration. Go to your Sporcle Settings to finish the process.

Report this User

Report this user for behavior that violates our Community Guidelines.

Details: